000
00274pam a2200109a 44500
008
230405s2018 xxu||||| |||| 00| 0 eng d
041
_a
ENG
100
_a
DR.RUPESH GAUTAM
245
_a
PHARMA MARKETING MANAGEMENT
260
_a
_b
NIRALI PRAKASHAN PUNE
_c
2018
906
_a
5419
999
_c
280690
_d
280690